000 00412 a2200157 4500
005 20250317160911.0
020 _a978-0-07-338104-6
082 _a658.87 LEV
100 _aLEVY, M.
245 _aRetailing Management
250 _a7th Ed.
260 _aBostoon
_bMcGraw-Hill
_c2009
300 _axxxi, 702p., ill., table, figure, picture
_bGlossary, index
_c28cm.
700 _aWEITZ, B. A.
942 _2ddc
_cBKS
999 _c827
_d827